| 000 | 00342nam a2200097Ia 4500 | ||
|---|---|---|---|
| 008 | 220120s9999||||xx |||||||||||||| ||und|| | ||
| 100 |
_aChethan, Rakesh, Chethan and Vishwas _912721 |
||
| 245 | 0 | _aAir purifying pavement using titanium dioxide | |
| 260 |
_aCoorg Institute of Technology _bPonnampet _c2003 |
||
| 650 | _aELECTRONICS AND COMMUNICATIONS | ||
| 999 |
_c138321 _d138321 |
||